000 01032cam a2200277 4500
001 WB3710-39
008 000000n2001 000 0 eng u
035 _a(Sirsi) u111321
245 _aInitiative aims to aid regeneration
260 _c2001
490 _aFinancial Times
_v8 March 2001, 5&32(2)
520 _aConsiders the Chancellor's announcement of a £1bn package, over the next five years, to boost regeneration of the UK's cities and towns. Looks at the specific measures introduced in the Budget to boost investment in deprived areas. These include changes to: stamp duty, tax relief, urban investment, flat renovation and conversions.
590 _aWB
650 _aBUDGET 2001
650 _aDEPRIVED AREAS
650 _aSTAMP DUTY
650 _aVALUE ADDED TAX
650 _aRESIDENTIAL CONVERSIONS
650 _aCONTAMINATED LAND
650 _aTAX RELIEF
650 _aCAPITAL ALLOWANCES
650 _aFLATS
650 _aCOMMUNITY INVESTMENT TAX CREDIT
690 _aREGENERATION
942 _n0
999 _c66336
_d66336